| 000 | 00431nam a2200181Ia 4500 | ||
|---|---|---|---|
| 008 | 180207s9999 xx 000 0 und d | ||
| 020 | _a9780439646796 | ||
| 050 | _bM482 2003 | ||
| 100 | _aMeadows, Graham | ||
| 245 | _aThis is my garden / | ||
| 245 | _cby Graham Meadows. | ||
| 260 | _aNew York : | ||
| 260 | _bScholastic, | ||
| 260 | _c2003 | ||
| 300 | _a8 pages : | ||
| 300 | _bcolor illustration ; | ||
| 300 | _c20cm. | ||
| 999 |
_c355487 _d355487 |
||